| 000 | 00454nam a2200133 4500 | ||
|---|---|---|---|
| 008 | 708 O42o | ||
| 082 |
_a708 _bO42o |
||
| 100 |
_aOlano, Beatriz _96543 |
||
| 245 | _aObras de Beatriz Olano | ||
| 260 |
_aColombia _bCentro de Artes Visuales EAFIT |
||
| 300 |
_a109 p. _bill (col) _c27 x 21,5 cm |
||
| 650 |
_xarte contemporáneo _xarte exhibiciones _xarte - catálogo de exhibición _xColombia _96544 |
||
| 700 |
_aRoca, José Ignacio; Fernández, Carlos Arturo _96545 |
||
| 999 |
_c1559 _d1559 |
||